000 00815nam a2200229Ii 4500
003 JO-AjNU
008 230605s9999||||xx |||||||||||||| ||und||
017 _a2003/5/903
020 _a9957-07-374-5
040 _aJO-AjNU
_bara
_erda
_cJO-AjNU
041 _aara
050 1 4 _aHV1568 .Z2722 2009
100 3 _aالزارع، نايف بن عابد ,
_eauthor
_926020
245 0 0 _aتأهيل ذوي الاحتياجات الخاصة
250 _aط3 مزيدة ومنقحة
264 3 1 _aعمان: دار الفكر ناشرون وموزعون، 2009
300 _a287ص
_bيحتوي على ببلوغرافية من 281-287ص
336 _atext
_btxt
_2rdacontent
337 _aunmediated
_bn
_2rdamedia
338 _avolume
_bnc
_2rdacarrier
650 4 _a المعوقون - إعادة تأهيل 
_926021
999 _aA9807
_c13375
_d13375